Real-time semantic/Scene analysis Using Deep Learning (Record no. 535941)

000 -LEADER
fixed length control field 00674nam a22001817a 4500
020 ## - INTERNATIONAL STANDARD BOOK NUMBER
Qualifying information Hard Cover.
082 ## - DEWEY DECIMAL CLASSIFICATION NUMBER
Classification number 621.3
100 ## - MAIN ENTRY--PERSONAL NAME
Personal name Saleem, Armaghan ; Mahmood, Saad ; Mubasher, Arbaz
245 ## - TITLE STATEMENT
Title Real-time semantic/Scene analysis Using Deep Learning
Statement of responsibility, etc. Armaghan Saleem ; Saad Mahmood ; Arbaz Mubasher
260 ## - PUBLICATION, DISTRIBUTION, ETC.
Place of publication, distribution, etc. Islamabad :
Name of publisher, distributor, etc. SEECS - NUST,
Date of publication, distribution, etc. 2018.
300 ## - PHYSICAL DESCRIPTION
Extent 29 p. : ill. ;
Dimensions 30cm.
563 ## - BINDING INFORMATION
Binding note HBK.
650 ## - SUBJECT ADDED ENTRY--TOPICAL TERM
Topical term or geographic name entry element Electrical (Electronics)Enbgineering-Project Report.
700 ## - ADDED ENTRY--PERSONAL NAME
Personal name Dr. Ahmed Salman.
856 ## - Uniform Resource Identifier
Uniform Resource Identifier <a href="http://10.250.8.41:8080/xmlui/handle/123456789/28737">http://10.250.8.41:8080/xmlui/handle/123456789/28737</a>
942 ## - ADDED ENTRY ELEMENTS (KOHA)
Source of classification or shelving scheme
Koha item type Project Report
650 ## - SUBJECT ADDED ENTRY--TOPICAL TERM
-- 109162
700 ## - ADDED ENTRY--PERSONAL NAME
-- 30764
Holdings
Withdrawn status Lost status Source of classification or shelving scheme Damaged status Not for loan Permanent Location Current Location Shelving location Date acquired Full call number Barcode Date last seen Price effective from Koha item type
WITHDRAWN         Central Library (CL) Central Library (CL) Thesis 09/29/2020 621.3 CL-BP-190 09/29/2020 09/29/2020 Project Report
© 2023 Central Library, National University of Sciences and Technology. All Rights Reserved.